Mastering Apache Spark : Gain Expertise in Processing and Storing Data by Using Advanced Techniques with Apache Spark /
Guardat en:
| Autor principal: | |
|---|---|
| Format: | Llibre |
| Idioma: | anglès |
| Publicat: |
Birmingham, Inglaterra :
Packt,
2015, c2015
|
| Col·lecció: | (Community Experience Distilled)
|
| Matèries: | |
| Accés en línia: | Ver documento en línea |
| Etiquetes: |
Sense etiquetes, Sigues el primer a etiquetar aquest registre!
|
MARC
| LEADER | 00000nam^a2200000^a^4500 | ||
|---|---|---|---|
| 001 | 000381947 | ||
| 005 | 20251023000000.0 | ||
| 009 | 20260310120719.19 | ||
| 020 | |a 978-1-78398-715-3 | ||
| 037 | |a Acervo ITESO - Biblioteca | ||
| 041 | |a ING | ||
| 082 | |a 005. 133 |b FRA | ||
| 100 | |a Frampton, Mike |e (autor) | ||
| 245 | 1 | 0 | |a Mastering Apache Spark : |b Gain Expertise in Processing and Storing Data by Using Advanced Techniques with Apache Spark / |c M. Frampton ; pról. de Andrew Szymanski. |
| 264 | 4 | |a Birmingham, Inglaterra : |b Packt, |c 2015, c2015 | |
| 264 | 2 | |a Birmingham, EUA : |b EBSCOhost [distribución], |c 2015 | |
| 300 | |a 1 libro electrónico en línea (XIII, 289 p.) | ||
| 336 | |a datos para computadora |b cod |2 rdacontenido | ||
| 337 | |a computadora |b c |2 rdamedio | ||
| 338 | |a recurso en línea |b cr |2 rdasoporte | ||
| 440 | 1 | |a (Community Experience Distilled) | |
| 506 | 1 | |a 3 licencias | |
| 521 | |a Peticiones 2016 Juan Diego Sánchez Torres | ||
| 649 | |a XX | ||
| 650 | |a Páginas en Línea - |x Administración | ||
| 650 | |a Internet - |x Administración | ||
| 650 | |a Protocolos de Comunicación | ||
| 650 | |a Servidores (Computadoras) - |x Tema Principal | ||
| 650 | |a Redes de Computadoras | ||
| 650 | |a Comunicación en Red | ||
| 650 | |a Telecomunicaciones | ||
| 650 | |a Cómputo Distribuido | ||
| 650 | |a Almacenamiento de Información (Cómputo) | ||
| 650 | |a Proceso Electrónico de Datos | ||
| 650 | |a Proceso de Datos - |x Tema Principal | ||
| 650 | |a Lenguajes de Programación - |x Tema Principal | ||
| 650 | |a Programación (Software) | ||
| 650 | |a Desarrollo de Sistemas | ||
| 650 | |a Sistemas Computacionales | ||
| 650 | |a Ingeniería Computacional | ||
| 856 | 4 | 0 | |u https://ezproxy.iteso.mx/login?url=https://search.ebscohost.com/login.aspx?direct=true&scope=site&db=nlebk&db=nlabk&AN=1076020 |y Ver documento en línea |
| 910 | |a Fondo General | ||
| 920 | |a Electrónicos - Libros en Línea | ||
| 930 | |a Plataforma Digital | ||
| 905 | |a 205 | ||
| 901 | |a 381947-1 |b IT2 |c EBO |i C1077 |u 20250521 | ||
| 901 | |a 381947-2 |b IT2 |c EBO |i C1077 |u 20250521 | ||
| 901 | |a 381947-3 |b IT2 |c EBO |i C1077 |u 20250521 | ||
| 902 | |a https://opac.biblio.iteso.mx/vufind/Record/000381947 | ||